000 00328nam a2200133Ia 4500
008 221030s9999 xx 000 0 und d
041 _aEnglish
100 _aR. P. Singh
245 0 _aCommunication Systems Anlog and Digital
_cby R. P. Singh, S. D. Sapre
260 _c0
650 _aB
700 _aS. D. Sapre
942 _cBK
999 _c14229
_d14229